| 000 | 00377cam a22001097a 4500 | ||
|---|---|---|---|
| 008 | 180718b1946 xxu||||| |||| 00| 0 eng d | ||
| 082 | _aZ2x42 Un3f | ||
| 245 |
_aHow Britain was fed in war time: food control 1939-1945 _cby Ministry of Food, United Kingdom |
||
| 260 |
_aLondon _bHis Majesty's Stationery Office _c1946 |
||
| 300 | _a65p. | ||
| 700 | _aUnited Kingdom. Ministry of Food | ||
| 999 |
_c427227 _d427227 |
||